Lyrics to ”Left outside alone” by Anastacia - Statistics

General Stats
  • This quiz has been taken 66 times
  • The average score is 283 of 333
Answer Stats
Lyrics % Correct
a
100%
be
100%
I
100%
to
100%
To
100%
it
98%
It’s
98%
it’s
98%
you
98%
All
96%
been
96%
Been
96%
feel
96%
Left
96%
left
96%
life
96%
my
96%
alone
93%
and
93%
And
93%
in
93%
I’ve
93%
know
93%
out
93%
outside
93%
way
93%
When
93%
when
93%
do
91%
For
91%
me
91%
me)
91%
cold
89%
don’t
89%
feels
89%
here
89%
how
89%
How
89%
not
89%
waiting
89%
need
84%
okay
84%
really
84%
bring
82%
Just
82%
just
82%
safe
82%
fairytale
80%
fantasy
78%
if
78%
living
78%
without
78%
Oh
76%
should
76%
So
76%
have
73%
love
73%
say
73%
wonder
73%
can’t
71%
maybe
71%
meaning
71%
pray
71%
Pray
71%
Why
71%
like
69%
But
67%
find
67%
Help
67%
tell
67%
Well
67%
more
62%
from
60%
had
60%
much
60%
Always
58%
blame
58%
never
58%
up
58%
were
58%
play
56%
game?
53%
hope
53%
above
51%
empty
51%
little
51%
someone
51%
There’s
51%
broken
49%
father
49%
Still
49%
understand
49%
else
47%
helpless
47%
man
47%
(Save
47%
save
47%
Wanna
44%
Careless
42%
despair
42%
Heavenly
42%
might
42%
sent
40%
Thought
40%
Someday
36%
air
33%
breathe
31%
(Please)
31%
No matching quizzes found
Score Distribution
Percent of People with Each Score
Percentile by Number Answered
Your Score History
You have not taken this quiz